000 00676cam a22002413a 4500
001 7522
003 PGUSA
005 20140828083145.0
008 050201s2005||||xxu|||||s|||||000 1 eng d
040 _aPGUSA
_beng
042 _adc
050 4 _aPS
100 1 _aSinclair, Upton,
_d1878-1968
245 1 0 _aKing Coal :
_ba Novel
_h[electronic resource] /
_cUpton Sinclair
260 _bProject Gutenberg,
_c2005
506 _aPublic domain in the USA.
516 _aElectronic text
653 _aCoal mines and mining -- Fiction
653 _aCoal miners -- Fiction
830 0 _aProject Gutenberg
_v7522
856 4 0 _uhttp://www.gutenberg.org/ebooks/7522
942 _cEB
999 _c236842
_d236842